| 000 | 01997nam a2200241 4500 | ||
|---|---|---|---|
| 003 | DO-SdBJH | ||
| 005 | 20260226220511.0 | ||
| 008 | 260226b2025 |||d|||| |||| 00| 0 spa d | ||
| 040 |
_aDO-SdBJH _bspa _cDO-SdBJH |
||
| 041 | 0 | _aspa | |
| 090 |
_aCT MA-SND 0004 _bEGAEE 2025 |
||
| 100 | 1 |
_aMorel Mateo, Fausto Osvaldo _esustentante |
|
| 245 | 1 | 0 |
_aRedefinición estratégica del empleo del Ejército de República Dominicana en tareas de seguridad ciudadana mediante la creación de unidades de Policía Militar : _bperíodo 2022-2024 / _cFausto Osvaldo Morel Mateo ; asesor de contenido Juan Carlos Estrella Balbuena ; asesor metodológico Marcos Mateo Capellán. |
| 260 |
_aSanto Domingo, República Dominicana : _bUNADE, _c2025. |
||
| 300 |
_axii, 92 páginas : _bgráficas. |
||
| 502 | _aTesis y trabajos de grado (Maestría en Seguridad y Defensa Nacional)--Universidad Nacional para la Defensa y Desarrollo Nacional "General Juan Pablo Duarte y Díez", Escuela de Graduados de Altos Estudios Estratégicos, Santo Domingo, 2025. | ||
| 504 | _aIncluye referencias bibliográficas y anexos. | ||
| 505 | _aEvolución histórica en tareas de seguridad ciudadana que ha experimentado el Ejército de República Dominicana -- Características de la misión del Ejército de República Dominicana y su fundamentación legal -- Efectos de la redefinición estratégica del empleo del Ejército de República Dominicana, en materia de seguridad pública, período 2022-2024. | ||
| 520 | _aEl objetivo central de esta investigación es analizar la evolución histórica y transformación del Ejército de República Dominicana, destacando sus características misionales y los efectos de su papel en la seguridad pública (Seguridad Ciudadana), mediante la creación de unidades que su diseño es no experimental | ||
| 650 | 7 |
_2lemb _aSeguridad ciudadana _vInvestigaciones _xreforma _y2022-2024 _zRepública Dominicana |
|
| 700 | 1 |
_aEstrella Balbuena, Juan Carlos _easesor de contenido |
|
| 942 |
_2CL _cT |
||
| 999 |
_c8582 _d8582 |
||